Pays où la peine de mort est appliquée - Statistiques

Statistiques générales
  • Ce quiz a été pris 289 fois
  • Le résultat moyen est 36 sur 55
Statistiques - réponses
Pays % Correct
États-Unis
93%
Chine
89%
Afghanistan
85%
République démocratiquedu Congo
85%
Iran
83%
Arabie Saoudite
82%
Inde
82%
Irak
82%
Japon
81%
Corée du Nord
80%
Pakistan
80%
Égypte
79%
Qatar
76%
Soudan
76%
Émirats arabes unis
75%
Indonésie
75%
Yémen
75%
Biélorussie
74%
Somalie
74%
Syrie
73%
Oman
72%
Cuba
71%
Libye
71%
Viêt Nam
71%
Soudan du Sud
69%
Thaïlande
69%
Jordanie
68%
Bangladesh
67%
Éthiopie
66%
Nigeria
66%
Jamaïque
65%
Malaisie
65%
Koweït
64%
Liban
63%
Bahreïn
59%
Sainte-Lucie
57%
Birmanie
55%
Ouganda
55%
Saint-Vincent-et-les-Grenadines
55%
Barbade
54%
Zimbabwe
53%
Antigua-et-Barbuda
52%
Dominique
52%
Singapour
51%
Taïwan
51%
Saint-Christophe-et-Niévès
50%
Bahamas
49%
Belize
48%
Guyana
48%
Botswana
46%
Comores
46%
Trinité-et-Tobago
45%
Gambie
44%
Lesotho
44%
Palestine
18%
Aucun quiz correspondant
Distribution des résultats
% des personnes avec chaque résultat
Percentile par nombre de réponses
Votre historique - résultats
Vous n’avez pas pris ce quiz